Paisatge del Ter : nord d'Osona : castellano - français nord d'Osona :
Descripción Física:
1 f. plegat : il. col., fot., map. ; 25 cm pleg., 52 x 79 cm despleg.
Otros Autores:
Consorci de Turisme de Paisatges del Ter d'Osona
MARC
| LEADER | 00000nam a2200000Ia 4500 | ||
|---|---|---|---|
| 001 | 21138 | ||
| 008 | 160829s2006 xx 000 0 cat d | ||
| 080 | |a FU-28-26 | ||
| 245 | |a Paisatge del Ter : |b nord d'Osona : |b castellano - français | ||
| 260 | |a Barcelona : |b Diputació de Barcelona. Xarxa de Municipis, |c 2006 | ||
| 300 | |a 1 f. plegat : |b il. col., fot., map. ; |c 25 cm pleg., 52 x 79 cm despleg. | ||
| 590 | |a Conté un mapa de la zona. | ||
| 590 | |a A la portada: Turisme Total. | ||
| 590 | |a A la contraportada: Consorci de Turisme de Paisatges del Ter d'Osona. | ||
| 590 | |a Text en castellà i francès. | ||
| 590 | |a Hi ha un exemplar en català - anglès amb R. 21137 | ||
| 650 | |a Osona |x Guies |9 39341 | ||
| 650 | |a Ter |x Guies |9 39342 | ||
| 700 | |a Consorci de Turisme de Paisatges del Ter d'Osona |9 43121 | ||
| 710 | 1 | |a Barcelona (Catalunya : Província). |b Diputació |9 52408 | |
| 901 | |a Arxiu | ||
| 942 | |n 1 | ||
| 952 | |0 0 |1 0 |4 0 |6 FU2826 |7 1 |9 51215 |a Arxiu |b Arxiu |d 2016-12-01 |l 0 |o FU-28-26 |p 21138 |r 2016-12-01 00:00:00 |w 2016-12-01 |y ARXIU | ||
| 999 | |c 55058 |d 55058 | ||